Krajem vína vinařská oblast Morava : mapa

Korporativní autor: SHOCart (firma)
Jazyk: Němčina
Slovenština
Čeština
Vydáno: Valtice : Národní vinařské centrum, [2012]
Témata:
Fyzický popis: 1 mapa : barev. ; 24 x 60 cm, na listu 47 x 60 cm, složeno na 21 x 10 cm
Language note: Místní jména na mapě česky, část. německy a slovensky
Mapy
Uloženo v:
LEADER 01794nem a2200445 a 4500
001 nkc20122387595
003 CZ PrNK
005 20130312134912.0
007 aj canzn
008 120719s2012 xr z a 0 cze
015 |a cnb002387595 
020 |a 978-80-87498-08-8 
034 1 |a a  |b 260000  |d E0154056  |e E0175110  |f N0491539  |g N0484048 
040 |a BOA001  |b cze  |d ABA001 
041 0 |a cze  |a ger  |a slo 
043 |a e-xr---  |b e-xr-mr  |2 czenas 
072 7 |a 913(437)  |x Geografie Česka a Slovenska, reálie, cestování  |2 Konspekt  |9 7 
072 7 |a 912  |x Mapy. Atlasy. Glóby  |2 Konspekt  |9 7 
080 |a 663.2  |2 MRF 
080 |a 634.8.04  |2 MRF 
080 |a 913(437.32)  |2 MRF 
080 |a (084.3)  |2 MRF 
245 0 0 |a Krajem vína  |h [kartografický dokument] :  |b vinařská oblast Morava : mapa 
255 |a Měřítko 1:260 000  |c [(015°40´56" v.d.--017°51´10" v.d./049°15´39" s.š.--048°40´48" s.š.)] 
260 |a Valtice :  |b Národní vinařské centrum,  |c [2012] 
300 |a 1 mapa :  |b barev. ;  |c 24 x 60 cm, na listu 47 x 60 cm, složeno na 21 x 10 cm 
500 |a Mapové podklady SHOCart 
500 |a Stručný vlastivědný text 
546 |a Místní jména na mapě česky, část. německy a slovensky 
650 0 7 |a vinařství  |7 ph116575  |z Česko  |2 czenas 
650 0 7 |a vinařské oblasti  |7 ph127105  |z Česko  |2 czenas 
651 7 |a Morava (Česko)  |7 ge130070  |2 czenas 
655 7 |a mapy  |7 fd132800  |2 czenas 
710 2 |a SHOCart (firma)  |7 ko2001100207 
910 2 |a BOA001  |b Mp2-1289.764 
990 |a MP 
995 |a 01 
991 |b 201208  |c NOV  |e n 
996 6 |b 2610516479  |c Mp2-1289.764  |l MZK  |r Sklad / do 1 hodiny  |n 0  |p p.v.  |w 001267878  |u 000010  |a 1  |e BOA001  |j MZK50  |s P 
996 7 |b 2610516480  |c Mp2-1289.764  |l MZK  |r Sklad / do 1 hodiny  |n 0  |p p.v.  |w 001267878  |u 000020  |a 1  |e BOA001  |j MZK50  |s A